000
00296nam a2200109Ia 4500
008
190912s9999||||xx |||||||||||||| ||und||
100
_a
Dr. Zaeema Alvi
245
0
_a
Ji Han! Ab bhi waqat hay,apne Maamilaat Durust Karney Ka
260
_a
Karachi
_b
Rab Publishers
_c
2013
300
_a
248
942
_c
BK
999
_c
7512
_d
7512